000 00254nam a22001097a 4500
008 170124b xxu||||| |||| 00| 0 eng d
020 _a9781582559322
041 _aeng
080 _a618.2
245 _aNURSE'S DRUG GUIDE 2007
_cVENABLE, S
942 _2udc
_cBK
999 _c3508
_d3508